000 00547nam a22001937a 4500
008 131004b xxu||||| |||| 00| 0 ger d
020 _a3540500383
020 _a0377500383
041 0 _ager
080 _a004
100 1 _aKober, Rudolf
245 1 0 _aParallelrechner-Architekturen
_cKober, Rudolf
260 _aBerlin
_aNew York
_bSpringer Verlag
_c1988
300 _a360 f.
_bilustr.
_c24 cm
500 _aParathenie [III]-IV
650 0 _aKompjuterat
650 0 _aArkitektura
942 _2udc
_cBK
999 _c24
_d24